| 000 | 01452cam a22003254a 4500 | ||
|---|---|---|---|
| 999 |
_c330712 _d330712 |
||
| 001 | 11903147 | ||
| 005 | 20170731140113.0 | ||
| 008 | 000204s2000 nyua b 001 0 eng | ||
| 010 | _a 00022981 | ||
| 020 | _a0071353453 | ||
| 020 | _a0070590257 | ||
| 040 |
_aDLC _cDLC _dDLC |
||
| 042 | _apcc | ||
| 050 | 0 | 0 |
_aQA76.73.C153 _bH815 2000 |
| 082 | 0 | 0 |
_a005.133,HUB _221 |
| 100 | 1 |
_aHubbard, J. R. _q(John Rast), _d1943- _93689 |
|
| 245 | 1 | 0 |
_aSchaum's outline of theory and problems of data structures with C++ / _cJohn R. Hubbard. |
| 246 | 3 | 0 | _aTheory and problems of data structures with C++ |
| 260 |
_aNew York : _bMcGraw-Hill, _cc2000. |
||
| 300 |
_aviii, 407 p. : _bill. ; _c28 cm. |
||
| 490 | 0 | _aSchaum's outline series | |
| 505 | _aReview of C++ (Page-01), Pointers and arrays (Page-25), Classes(Page-47), Recursion, (Page-76), Stacks(Page-92), Queues (Page-110) ,Lists(Page-127), Tables ,(Page-155), Trees (Page-174), Binary Trees (Page-200), Search trees ,(Page-224) Heaps and priority queues(Page-235), Sorting (Page-248). | ||
| 650 | 0 |
_aC++ (Computer program language) _91810 |
|
| 650 | 0 |
_aData structures (Computer science) _93010 |
|
| 856 | 4 | 2 |
_3Contributor biographical information _uhttp://www.loc.gov/catdir/bios/mh041/00022981.html |
| 856 | 4 | 2 |
_3Publisher description _uhttp://www.loc.gov/catdir/description/mh021/00022981.html |
| 856 | 4 | 1 |
_3Table of contents _uhttp://www.loc.gov/catdir/toc/mh021/00022981.html |
| 906 |
_a7 _bcbc _corignew _d1 _eocip _f20 _gy-gencatlg |
||
| 942 |
_2ddc _cBK _k005.133,HUB |
||